Al lavoro! : antologia italiana per le scuole secondarie di avviamento al lavoro

Saved in:
Bibliographic Details
Other Authors: Raimondi, Igino (Editor)
Format: Book
Language:Italian
Published: Lanciano : Carabba Giuseppe, 1929
Textbook Catalogue:EDISCO:  Library Catalog Search Result
Textbook Classification:
Subjects:
Tags: Add Tag
No Tags, Be the first to tag this record!
Added to:2016-04-30
Changed in:2017-10-18

MARC

LEADER 00000aam a22000001 4500
001 00388
003 OSt
005 20171018092601.0
008 160501s1929 it 000 0 ita
040 |c Antonio Parlati - L'Acquila 
041 1 |a ita 
245 0 0 |a Al lavoro! :   |b antologia italiana per le scuole secondarie di avviamento al lavoro /  |c a cura di Igino Raimondi 
260 |a Lanciano :  |b Carabba Giuseppe,  |c 1929 
300 |a 772 p., 1/1 ;   |c in 16° 
510 3 |a 20 
546 |a ita 
650 4 |a Lavoro manuale  |9 375 
655 |a Antologia  |9 32 
690 7 |a Secondaria inferiore  |x Avviamento   |9 3604 
700 1 |a Raimondi, Igino  |9 324  |e Editor 
901 |a 1 
942 |2 ddc  |c BK 
999 |c 378  |d 378 
999 |c edisco:378  |d 378